| 000 | 00445nam a2200181Ia 4500 | ||
|---|---|---|---|
| 003 | OSt | ||
| 005 | 20260326123857.0 | ||
| 008 | 250729s2010 xx 000 0 und d | ||
| 040 | _cAL | ||
| 041 | _akan | ||
| 082 | _a530.7 RAMU | ||
| 100 |
_aH.S.Rama Rao _9230551 |
||
| 245 | _aAnveshane | ||
| 260 |
_aMangalore _bKriya samshodhane mattu nuthana avishkara Vibhaga _c2010 |
||
| 300 | _a164p | ||
| 650 |
_aScience _9230552 |
||
| 942 |
_2ddc _cBED |
||
| 999 |
_c238838 _d238838 |
||